Técnicas y prácticas de taller / (Record no. 67826)

MARC details
000 -LEADER
campo de control de longitud fija 00750nam a2200169 i 4500
001 - NÚMERO DE CONTROL
campo de control 67826
003 - IDENTIFICADOR DE NÚMERO DE CONTROL
campo de control ES-MaACL
005 - FECHA Y HORA DE LA ÚLTIMA TRANSACCIÓN
campo de control 20230906170144.0
007 - CAMPO FIJO DE DESCRIPCIÓN FÍSICA--INFORMACIÓN GENERAL
campo de control de longitud fija t|
008 - DATOS DE LONGITUD FIJA--INFORMACIÓN GENERAL
campo de control de longitud fija 040206s1965 sp ||||1| spa d
100 1# - ENTRADA PRINCIPAL--NOMBRE DE PERSONA
Nombre de persona Gallardo Prieto, O.
9 (RLIN) 53498
245 10 - MENCIÓN DEL TÍTULO
Título Técnicas y prácticas de taller /
Mención de responsabilidad, etc. por O. Gallardo Prieto.
260 ## - PUBLICACIÓN, DISTRIBUCIÓN, ETC.
Lugar de publicación, distribución, etc. Barcelona, etc. :
Nombre del editor, distribuidor, etc. Científico Médica,
Fecha de publicación, distribución, etc. 1965.
300 ## - DESCRIPCIÓN FÍSICA
Extensión 5 v. :
Otras características físicas il. ;
Dimensiones 22 cm.
505 8# - NOTA DE CONTENIDO CON FORMATO
Nota de contenido con formato Contiene: T. I: Elementos generales de técnicas y cálculos de taller. -- T. II: Ajuste. Montaje. -- T. III: Máquinas-herramientas y corte por revolución. -- T. IV: Máquinas-herramientas diversas y engranajes. -- T. V: Trabajo de los materiales en frío y en caliente
852 ## - LOCALIZACIÓN
Ubicación ES-MaACL
Número de control de estantería C-27401-5
Sublocalización o colección R.56435
Holdings
Estatus retirado Estado de pérdida Estado de daño No para préstamo Biblioteca de origen Biblioteca actual Ubicación en estantería Fecha de adquisición Fuente de adquisición Total de préstamos Signatura topográfica completa Código de barras Visto por última vez Precio de reemplazo Tipo de ítem Koha
        Biblioteca del Ateneo de Madrid Biblioteca del Ateneo de Madrid Depósito 2 17/01/2008     C-27401-5 1071009 23/02/2023 23/02/2023 Libro impreso